| 000 | 00619nam a22002417a 4500 | ||
|---|---|---|---|
| 003 | UA-OsUOA | ||
| 001 | 26144 | ||
| 007 | ta | ||
| 008 | 20040513b un ||||| |||| 00| 0 ukr d | ||
| 090 |
_a398.9(830) _bН11 |
||
| 942 | _cBK | ||
| 040 |
_aUA-OsUOA _bukr _cUA-OsUOA _dUA-OsUOA |
||
| 245 |
_aНімецькі прислів'я та приказки _cУпор. О.А.Вентлянд |
||
| 300 | _a187 с. | ||
| 955 | _a0 | ||
| 041 | _aukr | ||
| 080 | _a398.9(830) | ||
| 020 | _a5-7775-0522-8 | ||
| 260 |
_aДніпропетровськ _bСіч _c1994 |
||
| 044 | _aUA | ||
| 650 | 7 | _2UDC | |
| 999 |
_c312457 _d312457 |
||